[Event "NK AB Meisjes"]
[Site "Chess.com"]
[Date "2020.05.01"]
[Round "6"]
[White "Verheij, Dana"]
[Black "Maris, Evi"]
[Result "1-0"]
[WhiteElo "1706"]
[BlackElo "1513"]
[PlyCount "39"]
[EventDate "2020.??.??"]

1. e4 e5 2. Nf3 Nc6 3. Bc4 Bc5 4. c3 Nf6 5. d4 exd4 6. e5 Qe7 7. O-O Ng4 8.
cxd4 Bb6 9. Nc3 d6 10. Bg5 Qd7 11. exd6 Qxd6 12. Re1+ Kf8 13. Bd5 Kg8 14. Re8+
Qf8 15. Rxf8+ Kxf8 16. Bxc6 bxc6 17. Qe2 g6 18. h3 Nxf2 19. Bh6+ Kg8 20. Qe8#
1-0

[Event "NK AB Meisjes"]
[Site "Chess.com"]
[Date "2020.05.01"]
[Round "6"]
[White "Feng, Elysia"]
[Black "Veronique, Bogouslavskii"]
[Result "1-0"]
[WhiteElo "1331"]
[BlackElo "1532"]
[PlyCount "75"]
[EventDate "2020.??.??"]

1. e4 e5 2. Nf3 Nc6 3. Bb5 a6 4. Bxc6 dxc6 5. O-O Bd6 6. d4 exd4 7. Qxd4 f6 8.
Re1 Be5 9. Qxd8+ Kxd8 10. Nxe5 fxe5 11. Bg5+ Nf6 12. Nc3 Ke7 13. Rad1 Be6 14.
f3 h6 15. Bh4 Rad8 16. Bg3 Nd7 17. Re2 Rhf8 18. Red2 Kf6 19. Ne2 Ke7 20. a3 Kf6
21. f4 exf4 22. Bxf4 Ke7 23. Bxc7 Rc8 24. Bd6+ Ke8 25. Bxf8 Kxf8 26. Nf4 Bg4
27. Rf1 Kg8 28. h3 Ne5 29. hxg4 Nxg4 30. Ng6 Ne3 31. Ne7+ Kh8 32. Nxc8 Nxf1 33.
Kxf1 Kg8 34. Rd7 Kf8 35. Rxb7 a5 36. Na7 Kg8 37. Nxc6 g5 38. Nxa5 1-0

[Event "NK AB Meisjes"]
[Site "Chess.com"]
[Date "2020.05.01"]
[Round "6"]
[White "Waardenburg, Marlinde"]
[Black "Warnaar, Alisha"]
[Result "1/2-1/2"]
[WhiteElo "1734"]
[BlackElo "2388"]
[PlyCount "58"]
[EventDate "2020.??.??"]

1. e4 c5 2. Nc3 Nc6 3. g3 g6 4. Bg2 Bg7 5. d3 e6 6. Nf3 Nge7 7. O-O O-O 8. Nh4
d5 9. f4 dxe4 10. Nxe4 b6 11. a3 Bb7 12. Rb1 Nd5 13. Bd2 a5 14. Nf3 Nde7 15.
Bc3 Nd4 16. Qd2 Nef5 17. Rbd1 h5 18. Ne5 Qc7 19. Nf3 Rfd8 20. Qf2 Rac8 21. Rfe1
b5 22. Rc1 Qb6 23. Bd2 c4 24. Kh1 cxd3 25. cxd3 Rxc1 26. Rxc1 Rc8 27. Rxc8+
Bxc8 28. b4 a4 29. Ne5 Qd8 1/2-1/2

[Event "NK AB Meisjes"]
[Site "Chess.com"]
[Date "2020.05.01"]
[Round "6"]
[White "Velasco, Kathleen"]
[Black "Gergin, Isafara"]
[Result "1-0"]
[WhiteElo "1446"]
[BlackElo "1285"]
[PlyCount "99"]
[EventDate "2020.??.??"]

1. e4 c5 2. Nf3 Nc6 3. d4 cxd4 4. Nxd4 Nf6 5. Nc3 e5 6. Ndb5 d6 7. Bg5 a6 8.
Na3 b5 9. Nd5 Be7 10. Nxe7 Qxe7 11. c3 O-O 12. Nc2 h6 13. Bxf6 Qxf6 14. Be2 Rd8
15. O-O Be6 16. Ne3 Qf4 17. Qc2 Rac8 18. Qd3 Ne7 19. Bf3 Bc4 20. Nxc4 Rxc4 21.
Rad1 f5 22. exf5 Nxf5 23. Bd5+ Kh8 24. Bxc4 bxc4 25. Qd5 e4 26. Qxc4 Qg4 27. h3
Qf4 28. Qc7 Re8 29. Qf7 Qe5 30. Rd5 Qe6 31. Qxe6 Rxe6 32. Rxf5 Kh7 33. Rd1 Kg6
34. Rfd5 e3 35. fxe3 Rxe3 36. Rxd6+ Kh7 37. Rxa6 Re2 38. b4 Rc2 39. Rd3 Rc1+
40. Kh2 Rc2 41. a4 Ra2 42. b5 Rb2 43. b6 Kg8 44. a5 Kh7 45. c4 Rc2 46. b7 Rb2
47. Rb6 Rc2 48. b8=Q Rxc4 49. Rd8 g5 50. Rd7# 1-0

[Event "NK AB Meisjes"]
[Site "Chess.com"]
[Date "2020.05.01"]
[Round "6"]
[White "Honkoop, Stella"]
[Black "Bertholee, Arjuna"]
[Result "0-1"]
[WhiteElo "1420"]
[BlackElo "1382"]
[PlyCount "64"]
[EventDate "2020.??.??"]

1. d4 d5 2. Bf4 Nf6 3. e3 Bf5 4. Nf3 e6 5. Nbd2 Bd6 6. Bg3 O-O 7. c3 c5 8. Ne5
Bxe5 9. dxe5 Ne4 10. Be2 Nc6 11. f4 f6 12. Bg4 Nxg3 13. hxg3 fxe5 14. Bxf5 Rxf5
15. g4 Rf7 16. g3 Qf6 17. g5 Qf5 18. Nf3 exf4 19. gxf4 Qe4 20. Qe2 e5 21. O-O-O
exf4 22. Nd2 Qxe3 23. Qh2 g6 24. Rhf1 Raf8 25. Rh1 d4 26. c4 Nb4 27. Rhe1 Nd3+
28. Kb1 Nxe1 29. Nf1 Qe6 30. Qf2 Qe4+ 31. Ka1 Nc2+ 32. Kb1 Ne3+ 0-1

[Event "NK AB Meisjes"]
[Site "Chess.com"]
[Date "2020.05.01"]
[Round "6"]
[White "Van Essen, Marieke"]
[Black "Hofstra, Tetske"]
[Result "1-0"]
[WhiteElo "1514"]
[BlackElo "741"]
[PlyCount "85"]
[EventDate "2020.??.??"]

1. e4 e5 2. Nf3 Nc6 3. d4 Nf6 4. d5 Ne7 5. Nxe5 Nxe4 6. Bc4 d6 7. Nf3 Nf5 8.
O-O Be7 9. Re1 Nc5 10. Bg5 O-O 11. Bxe7 Nxe7 12. Nc3 a6 13. Ne4 b5 14. Bf1 Nxe4
15. Rxe4 c6 16. dxc6 Nxc6 17. Qd3 Bf5 18. Rd1 Bxe4 19. Qxe4 Qc7 20. Ng5 g6 21.
Qh4 h5 22. Be2 Qe7 23. Qg3 Qxe2 24. Rf1 Rfe8 25. Qb3 Rf8 26. Qd5 Qe5 27. Qxc6
Qxg5 28. Qxd6 Rfd8 29. Qc6 Qe5 30. b3 Rdc8 31. Qb7 Qc5 32. Qd7 Qxc2 33. h3 Qxa2
34. Qd5 Qc2 35. Re1 Qc6 36. Qd3 Qd7 37. Qxd7 Rd8 38. Qe7 a5 39. Qf6 a4 40. bxa4
bxa4 41. Ra1 a3 42. Qf3 a2 43. Qe2 1-0

[Event "NK AB Meisjes"]
[Site "Chess.com"]
[Date "2020.05.01"]
[Round "6"]
[White "De Zoeten, Cato"]
[Black "Den Heijer, Rolinde"]
[Result "1/2-1/2"]
[WhiteElo "1536"]
[BlackElo "1708"]
[PlyCount "106"]
[EventDate "2020.??.??"]

1. e4 c5 2. Nf3 d6 3. d4 cxd4 4. Nxd4 Nf6 5. Nc3 g6 6. Be3 Bg7 7. f3 O-O 8. Qd2
Nc6 9. O-O-O Bd7 10. g4 a6 11. Nxc6 Bxc6 12. Bh6 b5 13. Bxg7 Kxg7 14. h4 Rh8
15. h5 h6 16. hxg6 fxg6 17. Bd3 Nd7 18. Rh3 Ne5 19. Rdh1 g5 20. Qh2 Nf7 21. Ne2
Qb6 22. f4 Qc5 23. Kb1 e6 24. Rh5 Qe3 25. fxg5 hxg5 26. Rh7+ Rxh7 27. Qxh7+ Kf8
28. Rf1 Ra7 29. a3 Be8 30. Qh2 Qc5 31. Ng3 Rc7 32. Nh5 Ke7 33. Qg2 Kd8 34. Qd2
Kc8 35. Nf6 Bc6 36. Ng8 Kb7 37. Qf2 Ne5 38. Qxc5 dxc5 39. Nf6 c4 40. Be2 Rf7
41. Kc1 Nd7 42. Nxd7 Rxd7 43. Bf3 Rd4 44. Rd1 Rxd1+ 45. Kxd1 Kc7 46. Kd2 Kd6
47. Ke3 Ke5 48. b3 cxb3 49. cxb3 a5 50. b4 axb4 51. axb4 Be8 52. Be2 Bc6 53.
Bd3 Be8 1/2-1/2

[Event "NK AB Meisjes"]
[Site "Chess.com"]
[Date "2020.05.01"]
[Round "6"]
[White "Duson, Robin"]
[Black "Cordes, Jule"]
[Result "1-0"]
[WhiteElo "1933"]
[BlackElo "1782"]
[PlyCount "107"]
[EventDate "2020.??.??"]

1. d4 d5 2. c4 c6 3. Nc3 Nf6 4. Nf3 e6 5. cxd5 exd5 6. Qc2 Bd6 7. Bg5 Bg4 8. e3
Nbd7 9. Bd3 Qc7 10. h3 Bh5 11. Nd2 Bg6 12. f4 Bxd3 13. Qxd3 h6 14. Bxf6 Nxf6
15. O-O O-O 16. Nf3 Rfe8 17. Ne5 Rad8 18. Rae1 Qb6 19. Rf2 Qc7 20. g4 c5 21.
Nb5 Qe7 22. Nxd6 Qxd6 23. dxc5 Qxc5 24. Rc2 Qb6 25. Rec1 d4 26. e4 Nxe4 27.
Qxe4 d3+ 28. Rf2 f6 29. Qc4+ Kh7 30. Nxd3 Re2 31. Rcf1 Kh8 32. Nc5 Rxf2 33.
Rxf2 Rc8 34. b4 Qd6 35. Qe6 Qd1+ 36. Kg2 Rd8 37. Qe2 Qd5+ 38. Qe4 Qd1 39. Ne6
Re8 40. f5 Qd6 41. Qxb7 Rg8 42. Qf7 Qd5+ 43. Kg3 Qe5+ 44. Kg2 Qe4+ 45. Kf1 Qh1+
46. Ke2 Qe4+ 47. Kd1 Qb1+ 48. Kd2 Qxb4+ 49. Ke3 Qc3+ 50. Kf4 Qb4+ 51. Kg3 Qd6+
52. Kh4 g5+ 53. Kh5 Rc8 54. Qg7# 1-0

[Event "NK AB Meisjes"]
[Site "Chess.com"]
[Date "2020.05.01"]
[Round "6"]
[White "Maris, Lauri"]
[Black "Huang, Luna"]
[Result "1-0"]
[WhiteElo "1564"]
[BlackElo "1227"]
[PlyCount "147"]
[EventDate "2020.??.??"]

1. e4 c5 2. Nf3 d6 3. Nc3 Nf6 4. d4 cxd4 5. Nxd4 a6 6. Nb3 e5 7. Bg5 Be7 8.
Bxf6 Bxf6 9. Nd5 Nc6 10. c3 Be6 11. Bc4 b5 12. Nxf6+ Qxf6 13. Bxe6 Qxe6 14. O-O
O-O 15. Qd5 Qxd5 16. exd5 Ne7 17. Rad1 Rac8 18. Rd3 f5 19. Nd2 Rc5 20. Nb3 Rxd5
21. Rxd5 Nxd5 22. Rd1 Nf4 23. Rxd6 Ra8 24. g3 Nh3+ 25. Kg2 Ng5 26. Rd5 Re8 27.
Nc5 a5 28. Nb7 b4 29. Rxa5 bxc3 30. bxc3 Ne4 31. c4 Rc8 32. Rxe5 Rxc4 33. Rxf5
Ra4 34. Ra5 Rxa5 35. Nxa5 Nc3 36. a3 Nb5 37. a4 Nc3 38. Nc6 Nxa4 39. Kf3 Nc5
40. Kf4 Kf7 41. h4 Kf6 42. f3 Nd3+ 43. Ke4 Nf2+ 44. Kf4 Nd3+ 45. Ke3 Ne5 46.
Nxe5 Kxe5 47. g4 h6 48. f4+ Kf6 49. Ke4 g6 50. g5+ hxg5 51. hxg5+ Ke6 52. Kf3
Kf5 53. Kg3 Ke4 54. Kg4 Kd5 55. f5 gxf5+ 56. Kxf5 Kd6 57. Kf6 Kd7 58. Kf7 Kd8
59. g6 Kd7 60. g7 Kd6 61. g8=Q Ke5 62. Qe8+ Kd6 63. Qe6+ Kc5 64. Ke7 Kd4 65.
Kd6 Kc3 66. Kc5 Kd3 67. Qc4+ Ke3 68. Kd5 Kf3 69. Ke5 Ke3 70. Qc3+ Ke2 71. Kf4
Kf2 72. Qd2+ Kf1 73. Kg3 Kg1 74. Qg2# 1-0

[Event "NK AB Meisjes"]
[Site "Chess.com"]
[Date "2020.05.01"]
[Round "6"]
[White "Basa, Manasvita"]
[Black "De Boer, Marit"]
[Result "0-1"]
[WhiteElo "1618"]
[BlackElo "1414"]
[PlyCount "120"]
[EventDate "2020.??.??"]

1. e4 e5 2. Nf3 Nc6 3. Bb5 d6 4. O-O Bd7 5. Qe2 Nf6 6. Nc3 Be7 7. d3 a6 8. Bc4
O-O 9. h3 Na5 10. Bb3 Nxb3 11. axb3 h6 12. Be3 Nh7 13. d4 exd4 14. Nxd4 Bf6 15.
Qd3 Re8 16. f4 Nf8 17. Nd5 Bxd4 18. Bxd4 Bc6 19. Nc3 Ne6 20. Rae1 Nxd4 21. Qxd4
Qd7 22. f5 f6 23. Rf3 Kh8 24. Rg3 Qe7 25. Rge3 Qe5 26. Qd2 Rad8 27. Nd5 Rd7 28.
Qf2 Kh7 29. Qf4 Bxd5 30. Qxe5 dxe5 31. exd5 Rxd5 32. Rc3 c6 33. Kf2 Red8 34.
Kf3 g6 35. fxg6+ Kxg6 36. Ke3 f5 37. Kf2 Rd2+ 38. Kg3 R8d5 39. Rf1 f4+ 40. Kh2
Kg5 41. Kg1 h5 42. Kh2 h4 43. Kg1 Kf5 44. Kh2 e4 45. Re1 Rd1 46. Re2 R5d2 47.
Rxd2 Rxd2 48. Kg1 e3 49. Kf1 Ke4 50. Rc4+ Rd4 51. Rc3 f3 52. gxf3+ Kxf3 53. Ke1
Re4 54. Rd3 Kg3 55. Ke2 Kxh3 56. Rd7 Kg3 57. Rg7+ Rg4 58. Rxb7 Kg2 59. Rh7 h3
60. Kxe3 h2 0-1

[Event "NK AB Meisjes"]
[Site "Chess.com"]
[Date "2020.05.01"]
[Round "7"]
[White "Maris, Evi"]
[Black "Bertholee, Arjuna"]
[Result "1-0"]
[WhiteElo "1518"]
[BlackElo "1371"]
[PlyCount "43"]
[EventDate "2020.??.??"]

1. e4 e5 2. Nf3 Nc6 3. Bc4 Nf6 4. Ng5 d5 5. exd5 b5 6. Bxb5 Qxd5 7. Bxc6+ Qxc6
8. O-O Bb7 9. Nf3 Bc5 10. Nc3 O-O 11. d3 Rfe8 12. Bg5 Rad8 13. Qe2 Rd6 14. Rad1
e4 15. dxe4 Nxe4 16. Rxd6 cxd6 17. Nxe4 Rxe4 18. Qd3 Rg4 19. h3 Rxg5 20. Re1 g6
21. Qc3 Qxf3 22. Re8# 1-0

[Event "NK AB Meisjes"]
[Site "Chess.com"]
[Date "2020.05.01"]
[Round "7"]
[White "Cordes, Jule"]
[Black "Feng, Elysia"]
[Result "1-0"]
[WhiteElo "1788"]
[BlackElo "1330"]
[PlyCount "65"]
[EventDate "2020.??.??"]

1. d4 d5 2. c4 e6 3. Nc3 Nf6 4. Nf3 c5 5. dxc5 Bxc5 6. cxd5 exd5 7. e3 Bf5 8.
Bb5+ Nc6 9. O-O O-O 10. a3 a6 11. Bd3 Bxd3 12. Qxd3 h6 13. Rd1 Ne7 14. b4 Bb6
15. Bb2 Qc7 16. Rac1 Rad8 17. Qe2 Qb8 18. Na4 Ba7 19. Nc5 Nd7 20. Nxd7 Rxd7 21.
Ne5 Rdd8 22. Qg4 f6 23. Nd7 Qd6 24. Nxf8 Rxf8 25. Bd4 Bxd4 26. Qxd4 Nc6 27.
Qxd5+ Qxd5 28. Rxd5 Kf7 29. Rd7+ Kg6 30. Rxb7 Ne5 31. Rcc7 Nf7 32. h3 h5 33.
Ra7 1-0

[Event "NK AB Meisjes"]
[Site "Chess.com"]
[Date "2020.05.01"]
[Round "7"]
[White "De Boer, Marit"]
[Black "De Zoeten, Cato"]
[Result "0-1"]
[WhiteElo "1406"]
[BlackElo "1550"]
[PlyCount "112"]
[EventDate "2020.??.??"]

1. c4 Nf6 2. Nc3 g6 3. d4 Bg7 4. e3 d6 5. Nf3 O-O 6. Bd2 c5 7. b3 Nc6 8. Bd3
Bg4 9. Be2 Rb8 10. h3 Bxf3 11. Bxf3 cxd4 12. exd4 Nxd4 13. Be2 Nxe2 14. Qxe2 d5
15. cxd5 Nxd5 16. Rc1 Nxc3 17. Bxc3 Bxc3+ 18. Rxc3 Qa5 19. Qd2 Rfd8 20. Rd3
Qe5+ 21. Qe2 Qa5+ 22. Qd2 Qxd2+ 23. Rxd2 Rxd2 24. Kxd2 Rc8 25. Re1 e6 26. Re4
Kf8 27. Rb4 Rc7 28. Ra4 a6 29. Rd4 Ke7 30. f4 Rd7 31. Rxd7+ Kxd7 32. Ke3 Kd6
33. Kd4 f6 34. g3 h5 35. h4 e5+ 36. fxe5+ fxe5+ 37. Ke4 Ke6 38. a3 a5 39. b4
axb4 40. axb4 b5 41. Kf3 Kf5 42. Ke3 Kg4 43. Ke4 Kxg3 44. Kxe5 Kxh4 45. Kd5 g5
46. Kc5 g4 47. Kxb5 g3 48. Ka6 g2 49. b5 g1=Q 50. b6 Qa1+ 51. Kb5 Kg4 52. Kc6
h4 53. b7 Qb1 54. Kc7 h3 55. b8=Q Qxb8+ 56. Kxb8 h2 0-1

[Event "NK AB Meisjes"]
[Site "Chess.com"]
[Date "2020.05.01"]
[Round "7"]
[White "Warnaar, Alisha"]
[Black "Verheij, Dana"]
[Result "1-0"]
[WhiteElo "2389"]
[BlackElo "1706"]
[PlyCount "77"]
[EventDate "2020.??.??"]

1. e4 c5 2. Nf3 d6 3. d4 cxd4 4. Nxd4 Nf6 5. Nc3 a6 6. g3 e5 7. Nb3 Be6 8. Bg2
Nbd7 9. O-O Be7 10. a4 O-O 11. Re1 Rc8 12. Qe2 Re8 13. Be3 Qc7 14. a5 Nc5 15.
Nxc5 dxc5 16. Red1 Red8 17. Nd5 Bxd5 18. exd5 e4 19. Bf4 Bd6 20. Bxd6 Rxd6 21.
Bxe4 Re8 22. f3 Qe7 23. Qc4 Nxe4 24. fxe4 Qxe4 25. Qxc5 Red8 26. c4 h5 27. Qd4
Qg6 28. Rf1 Re6 29. Rae1 Rxe1 30. Rxe1 Qc2 31. d6 Qa4 32. Re7 Qc6 33. d7 Kf8
34. Qe5 Kg8 35. Re8+ Kh7 36. Rxd8 Qxc4 37. Rh8+ Kxh8 38. d8=Q+ Kh7 39. Qxh5#
1-0

[Event "NK AB Meisjes"]
[Site "Chess.com"]
[Date "2020.05.01"]
[Round "7"]
[White "Honkoop, Stella"]
[Black "Van Essen, Marieke"]
[Result "0-1"]
[WhiteElo "1389"]
[BlackElo "1520"]
[PlyCount "64"]
[EventDate "2020.??.??"]

1. d4 Nf6 2. Bf4 g6 3. e3 Bg7 4. Nf3 O-O 5. Nbd2 d6 6. h3 b6 7. g4 c5 8. c3 Bb7
9. Bd3 Nbd7 10. g5 Nh5 11. Bh2 e5 12. dxe5 Nxe5 13. Be4 Nxf3+ 14. Bxf3 Bxf3 15.
Nxf3 d5 16. Ne5 Qxg5 17. Qxd5 Rad8 18. Qe4 Nf6 19. Qf3 Nd5 20. Ng4 h5 21. h4
Qxg4 22. Qxg4 hxg4 23. O-O-O Nf6 24. Rdg1 Rd5 25. Bf4 Ne4 26. Rg2 Rfd8 27. Rf1
Rd2 28. Rxg4 Rxf2 29. Rfg1 Rdd2 30. h5 Rc2+ 31. Kd1 Rfd2+ 32. Ke1 Rc1# 0-1

[Event "NK AB Meisjes"]
[Site "Chess.com"]
[Date "2020.05.01"]
[Round "7"]
[White "Huang, Luna"]
[Black "Velasco, Kathleen"]
[Result "0-1"]
[WhiteElo "1203"]
[BlackElo "1453"]
[PlyCount "96"]
[EventDate "2020.??.??"]

1. e4 e5 2. Nf3 Nc6 3. d4 exd4 4. Nxd4 Bc5 5. Be3 Qf6 6. c3 Nge7 7. Bc4 Ne5 8.
Be2 d6 9. f4 N5g6 10. O-O O-O 11. Qd2 Nc6 12. f5 Nxd4 13. cxd4 Bb6 14. fxg6
Qxg6 15. Rf3 Qxe4 16. Bd3 Qd5 17. Nc3 Qh5 18. Be2 Qh4 19. Bf2 Qe7 20. Re3 Qf6
21. Rf3 Qe7 22. Re1 Bg4 23. Rg3 Bxe2 24. Rxe2 Qf6 25. Qg5 Qxg5 26. Rxg5 Rfe8
27. Rxe8+ Rxe8 28. Rg3 f6 29. Re3 Rd8 30. Re2 Kf7 31. Nd5 Ba5 32. b4 Bb6 33. a4
c6 34. Nxb6 axb6 35. Bg3 h6 36. Kf2 g6 37. h4 g5 38. hxg5 hxg5 39. Kf3 f5 40.
Bh2 Kf6 41. g3 g4+ 42. Kf4 Ra8 43. Ra2 c5 44. dxc5 bxc5 45. bxc5 dxc5 46. Bg1
b6 47. Be3 Re8 48. Rd2 Re4# 0-1

[Event "NK AB Meisjes"]
[Site "Chess.com"]
[Date "2020.05.01"]
[Round "7"]
[White "Veronique, Bogouslavskii"]
[Black "Basa, Manasvita"]
[Result "0-1"]
[WhiteElo "1485"]
[BlackElo "1624"]
[PlyCount "126"]
[EventDate "2020.??.??"]

1. d4 d5 2. c4 e6 3. e3 Nf6 4. Nc3 a6 5. Nf3 dxc4 6. Bxc4 b5 7. Be2 Bb7 8. a3
Bd6 9. O-O O-O 10. Qc2 Nbd7 11. e4 e5 12. d5 Qe7 13. b4 c5 14. bxc5 Nxc5 15.
Bg5 h6 16. Bxf6 Qxf6 17. Bd3 Rfc8 18. Qd1 Nxd3 19. Qxd3 Rc4 20. Rfc1 Rac8 21.
Ne2 Qg6 22. Rxc4 Rxc4 23. Ng3 Bc8 24. Nh4 Qf6 25. Nhf5 Bc5 26. d6 Bd7 27. Ne7+
Kf8 28. Qe2 Qxd6 29. Nef5 Qf6 30. Rd1 Bc6 31. Qd3 g6 32. Qd8+ Qxd8 33. Rxd8+
Be8 34. Nxh6 Bxa3 35. Ng4 Be7 36. Ra8 Ra4 37. Nxe5 Ra1+ 38. Nf1 Bd6 39. Nd3 Ke7
40. e5 Bc7 41. Ra7 Kd7 42. Nc5+ Kc6 43. Nd3 Kb6 44. Ra8 Bc6 45. Rf8 Bd5 46. Rh8
Bc4 47. Rh3 Bxe5 48. Re3 Bd4 49. Rf3 a5 50. h3 Rd1 51. Nb2 Rxf1+ 52. Kh2 Bxb2
53. Rf4 Be5 54. Kg3 Bxf4+ 55. Kxf4 Rxf2+ 56. Kg3 Rf1 57. Kh2 a4 58. Kg3 a3 59.
Kh2 a2 60. Kg3 a1=Q 61. h4 Qe5+ 62. Kh3 Rh1+ 63. Kg4 Be2# 0-1

[Event "NK AB Meisjes"]
[Site "Chess.com"]
[Date "2020.05.01"]
[Round "7"]
[White "Hofstra, Tetske"]
[Black "Gergin, Isafara"]
[Result "0-1"]
[WhiteElo "722"]
[BlackElo "1286"]
[PlyCount "114"]
[EventDate "2020.??.??"]

1. e4 c5 2. d3 Nc6 3. Nc3 d6 4. Nf3 Nf6 5. Be3 g6 6. e5 Nxe5 7. d4 Nxf3+ 8.
Qxf3 cxd4 9. Bxd4 Bg7 10. Rd1 O-O 11. Be2 Qc7 12. O-O Bg4 13. Qd3 Bf5 14. Qd2
Rac8 15. Bd3 Bxd3 16. Qxd3 e5 17. Be3 Rfd8 18. Bg5 h6 19. Bxf6 Bxf6 20. Qe3 Bg7
21. Qxa7 b6 22. Qxc7 Rxc7 23. Nd5 Rxc2 24. Rb1 e4 25. h3 Bxb2 26. Ne3 Re2 27.
Nc4 Bd4 28. Nxb6 Bxb6 29. Rxb6 Rxa2 30. Rd1 d5 31. Rb4 Ra7 32. Rbd4 Rad7 33.
Kf1 f5 34. Ke2 Kf7 35. Ke3 g5 36. f3 f4+ 37. Kf2 e3+ 38. Ke2 Ke6 39. R1d3 Ra8
40. Kf1 Ra2 41. h4 Rc7 42. hxg5 Rc1+ 43. Rd1 Rxd1+ 44. Rxd1 hxg5 45. Re1 Ke5
46. Kg1 d4 47. Kh2 d3 48. Kh3 d2 49. Rb1 e2 50. g3 e1=Q 51. Rxe1+ dxe1=Q 52.
Kg4 fxg3 53. Kxg5 Ra4 54. Kg6 g2 55. Kf7 Ra7+ 56. Kg6 g1=R+ 57. Kh6 Qh4# 0-1

[Event "NK AB Meisjes"]
[Site "Chess.com"]
[Date "2020.05.01"]
[Round "7"]
[White "Den Heijer, Rolinde"]
[Black "Maris, Lauri"]
[Result "1-0"]
[WhiteElo "1713"]
[BlackElo "1538"]
[PlyCount "167"]
[EventDate "2020.??.??"]

1. e4 e5 2. Nf3 Nc6 3. Nc3 Bb4 4. Bc4 h6 5. O-O Nf6 6. d3 d6 7. h3 Bxc3 8. bxc3
d5 9. exd5 Nxd5 10. Bb2 Be6 11. Bxd5 Bxd5 12. c4 Be6 13. Nxe5 Nxe5 14. Bxe5 f6
15. Bb2 O-O 16. Re1 Bf7 17. Qf3 c6 18. Rab1 Qc7 19. Ba3 Rfe8 20. Re3 Rxe3 21.
Qxe3 Re8 22. Qxa7 Bh5 23. Qxb7 Qxb7 24. Rxb7 Re1+ 25. Kh2 Re2 26. Bc5 Rxc2 27.
a3 Be2 28. Rd7 Rc3 29. Bb4 Rb3 30. Rc7 Bxd3 31. Rxc6 Be4 32. Rc7 Rb2 33. Bc5
Rc2 34. Be3 Bd3 35. c5 Bb5 36. Rb7 Bc6 37. Rb6 Be4 38. a4 f5 39. a5 Kf8 40. Rb4
g5 41. Ra4 Bc6 42. Ra1 Ke7 43. a6 Kd7 44. a7 Ba8 45. Ra6 Rb2 46. Rxh6 f4 47.
Bd4 Rb4 48. Be5 Ra4 49. Rg6 Be4 50. Rg8 Ke6 51. Bb8 Kf5 52. Rf8+ Kg6 53. Rd8
Kf5 54. Rd6 g4 55. hxg4+ Kxg4 56. f3+ Bxf3 57. gxf3+ Kxf3 58. Rd2 Ke3 59. Rc2
f3 60. Kg3 Ra6 61. Rc3+ Ke2 62. Rxf3 Rg6+ 63. Kf4 Rf6+ 64. Ke5 Rxf3 65. a8=Q
Re3+ 66. Kd6 Rd3+ 67. Kc7 Rc3 68. Qa6+ Kd2 69. Qa5 Kc2 70. c6 Kb2 71. Qxc3+
Kxc3 72. Kd7 Kb4 73. c7 Kb5 74. c8=Q Kb6 75. Qc6+ Ka5 76. Bc7+ Kb4 77. Qd5 Kc3
78. Be5+ Kb4 79. Kc6 Ka4 80. Kc5 Ka3 81. Qd3+ Ka2 82. Qc2+ Ka3 83. Qb2+ Ka4 84.
Qb4# 1-0